| 000 | 01301cam a22003254a 4500 | ||
|---|---|---|---|
| 999 |
_c6481 _d6481 |
||
| 001 | 11941868 | ||
| 003 | OSt | ||
| 005 | 20200127121349.0 | ||
| 008 | 000315s2000 nyu b 001 0 eng | ||
| 010 | _a 00035256 | ||
| 020 | _a0312234996 (U.S.) | ||
| 020 | _a033367619X (outside North America) | ||
| 020 | _a0333676203 (outside North America) | ||
| 040 |
_aDLC _cDLC _dDLC |
||
| 042 | _apcc | ||
| 082 | 0 | 0 |
_a301 _221 _bSOC 1999 |
| 100 |
_aEdited by Taylor ,Steve; _913321 |
||
| 245 | 0 | 0 |
_aSociology : _bissues and debates / _cedited by Steve Taylor. |
| 260 |
_aNew York : _bPalgrave, _c1999. |
||
| 300 |
_axvi, 398 p. ; _c24 cm. |
||
| 504 | _aIncludes bibliographical references (p. 359-387) and index. | ||
| 650 | 0 |
_aSociology. _92259 |
|
| 700 | 1 |
_aTaylor, Steve _q(Steve D.) _96927 |
|
| 856 | 4 | 2 |
_3Contributor biographical information _uhttp://www.loc.gov/catdir/bios/hol057/00035256.html |
| 856 | 4 | 2 |
_3Publisher description _uhttp://www.loc.gov/catdir/description/hol051/00035256.html |
| 856 | 4 | 1 |
_3Table of contents _uhttp://www.loc.gov/catdir/toc/hol051/00035256.html |
| 906 |
_a7 _bcbc _corignew _d1 _eocip _f20 _gy-gencatlg |
||
| 942 |
_2ddc _cO_SHELF |
||